| 000 | 00375cam a2200157ua 4500 | ||
|---|---|---|---|
| 041 |
_aeng _h |
||
| 082 |
_a828.09 _bPRI/WI |
||
| 100 | _aPriestly, J B. | ||
| 245 |
_aWilliam Hazlitt / _cJ B Priestley. _hTextual Documents |
||
| 250 |
_a1 / _b. |
||
| 260 |
_aLondon : _bLongman Green and Co , _c1960. |
||
| 300 | _a38 ; . | ||
| 504 | _a | ||
| 942 | _cBK | ||
| 999 |
_c6716 _d6716 |
||